000 01504cam a2200397 i 4500
001 11654417
003 USPCAS-E
005 20180118181418.0
006 m d
007 cr n
008 150714t20152015gw a s 001 0 eng d
020 _a9783433030400
020 _a9783433604847 (ebook)
020 _a9783433604854 (ePub)
020 _a9783433604823 (Mobi)
020 _a9783433604830 (oBook)
035 _a(WaSeSS)ssj0001573557
040 _aCaPaEBR
_beng
_erda
_epn
_cCaPaEBR
_dWaSeSS
050 4 _aTH7413
_b.S653 2015eb
082 0 4 _a697.78
_223
_bSOL 2015
210 1 0 _aSolar and heat pump systems for residential buildings /
245 0 0 _aSolar and heat pump systems for residential buildings /
_cedited by Jean-Christophe Hadorn.
260 _aBerlin:
_bErnst & sohn, (Wiley)
_cc2015
500 _aIncludes index.
502 _a.
506 _aLicense restrictions may limit access.
650 0 _aSolar heating.
650 0 _aSolar houses
_xDesign and construction.
655 0 _aElectronic books.
700 1 _aHadorn, Jean-Christophe,
_eeditor.
773 0 _tWiley-Blackwell Online Books
776 0 8 _iPrint version:
_tSolar and heat pump systems for residential buildings.
_dBerlin, Germany : Wilhelm Ernst & Sohn, c2015
_hxix, 254 pages
_z9783433030400
856 4 0 _uhttp://www.columbia.edu/cgi-bin/cul/resolve?clio11654417
_zFull text available from Wiley-Blackwell Online Books
910 _aVendor-generated brief record
942 _2ddc
_cBK
999 _c355924
_d355924